| 000 | 01387nam a22003617a 4500 | ||
|---|---|---|---|
| 003 | CHAP | ||
| 005 | 20220817044522.0 | ||
| 008 | 120430s1987 it r 00010 eng d | ||
| 010 | _a103118 | ||
| 011 | _a104090 | ||
| 035 | _a114779 | ||
| 040 | _cCHAP | ||
| 090 | _aFolleto 18192y | ||
| 110 | 2 | _aFAO | |
| 245 | 1 | 0 |
_aRecommended limits for radionuclide contamination of foods _c/por FAO |
| 246 | 1 | 0 | _aReport of the expert consultation on recommended limits for radionuclide contamination of foods |
| 260 |
_aRoma : _bFAO, _c1987 |
||
| 300 | _aiv, 27 p. : tablas | ||
| 500 | _aESN/MISC/87/1 | ||
| 500 | _aRome 1-5 december 1986 | ||
| 590 |
_aBATCH-UPD _b10 _c20130110 _lUCH01 _h1259 |
||
| 590 |
_aBATCH-UPD _b10 _c20130410 _lUCH01 _h0818 |
||
| 590 |
_aBATCH-UPD _b10 _c20130914 _lUCH01 _h0225 |
||
| 590 |
_aCONVERSION _b10 _c20130109 _lUCH01 _h1357 |
||
| 650 | 1 | 4 |
_aAlimentos _xContaminación radioactiva. _94209 |
| 901 | _aBK | ||
| 942 | _cFOLL | ||
| 949 |
_aFolleto 18192y _bBC _cFAO _d33724002101611 _eFAO1 _gDonaciØn _i114779 _sb |
||
| 949 |
_aFolleto 18192y _bBC _cFAO _d33724002102248 _eFAO2 _fc.4 _gDonaciØn _i114779 _sb |
||
| 949 |
_aFolleto 18192y _bBC _cFAO _d33724002102280 _eFAO2 _fc.3 _gDonaciØn _i114779 _sb |
||
| 949 |
_aFolleto 18192y _bBC _cFAO _d33724002102347 _eFAO2 _fc.2 _gDonaciØn _i114779 _sb |
||
| 949 |
_aFolleto 18192y _bBC _cFAO _d33724002102389 _eFAO2 _fc.5 _gDonaciØn _i114779 _sb |
||
| 999 |
_c103118 _d103118 |
||